[Event "SVK-chT4 A21 2223"]
[Site "Slovakia"]
[Date "2022.11.13"]
[Round "3.4"]
[White "Svrcek, Daniel"]
[Black "Lanyi, Frantisek"]
[Result "1-0"]
[WhiteElo "1564"]
[BlackElo "1672"]
[PlyCount "61"]
[EventDate "2022.10.09"]
[EventType "team-tourn"]
[EventRounds "11"]
[EventCountry "SVK"]
[SourceTitle "EXT 2024"]
[Source "ChessBase"]
[SourceDate "2023.10.10"]
[SourceVersion "1"]
[SourceVersionDate "2023.10.10"]
[SourceQuality "1"]
[WhiteTeam "Holic II"]
[BlackTeam "Vrbove"]
[WhiteTeamCountry "SVK"]
[BlackTeamCountry "SVK"]

1. e4 e5 2. Nf3 Nc6 3. Bb5 Bc5 4. d3 d6 5. c3 Bg4 6. 0-0 a6 7. Ba4 b5 8. Bb3 h6 9. Be3 Ba7 10. h3 Bh5 11. Nbd2 Na5 12. Bc2 Ne7 13. Bxa7 Rxa7 14. b4 Nac6 15. a4 Rb7 16. Re1 0-0 17. axb5 axb5 18. Bb3 Kh8 19. g4 Bg6 20. Nh4 Bh7 21. Nf5 Nxf5 22. exf5 g6 23. Bd5 Qd7 24. Qf3 Rb6 25. f6 Nd8 26. Ra8 c6 27. Qe3 Rb7 28. Qxh6 Rg8 29. Bxc6 Qxc6 30. Rxd8 Rb8 31. Rxb8 1-0

[Event "SVK-chT3A2 2122"]
[Site "Slovakia"]
[Date "2022.04.24"]
[Round "6.7"]
[White "Lanyi, Frantisek"]
[Black "Bojnansky, Juraj"]
[Result "1-0"]
[WhiteElo "1681"]
[BlackElo "1584"]
[PlyCount "67"]
[EventDate "2021.10.10"]
[EventType "team-tourn"]
[EventRounds "11"]
[EventCountry "SVK"]
[SourceTitle "EXT 2024"]
[Source "ChessBase"]
[SourceDate "2023.10.10"]
[SourceVersion "1"]
[SourceVersionDate "2023.10.10"]
[SourceQuality "1"]
[WhiteTeam "Vrbove"]
[BlackTeam "Hlohovec"]
[WhiteTeamCountry "SVK"]
[BlackTeamCountry "SVK"]

1. d4 Nf6 2. c4 g6 3. Nc3 Bg7 4. Bf4 d5 5. e3 Bf5 6. cxd5 Nxd5 7. Nxd5 Qxd5 8. Bxc7 0-0 9. Nf3 Rc8 10. Bg3 Nd7 11. Bd3 Qa5+ 12. Qd2 Qxd2+ 13. Kxd2 Bxd3 14. Kxd3 Rc6 15. Rac1 Rac8 16. Rc3 Nb6 17. Rxc6 Rxc6 18. b3 Nd5 19. Kd2 h6 20. Rc1 Rxc1 21. Kxc1 Kf8 22. Kd2 Ke8 23. a3 Kd7 24. Ne5+ Bxe5 25. Bxe5 f6 26. Bb8 a6 27. e4 Nc7 28. Bxc7 Kxc7 29. d5 Kd6 30. b4 e6 31. dxe6 Kxe6 32. f4 h5 33. h4 f5 34. e5 1-0

[Event "SVK-chT4 A21 1920"]
[Site "Slovakia"]
[Date "2019.12.15"]
[Round "5.3"]
[White "Lanyi, Frantisek"]
[Black "Papanek, Lubomir"]
[Result "1-0"]
[WhiteElo "1652"]
[BlackElo "1563"]
[PlyCount "113"]
[EventDate "2019.10.13"]
[EventType "team-tourn"]
[EventRounds "11"]
[EventCountry "SVK"]
[SourceTitle "CBM 194 Extra"]
[Source "ChessBase"]
[SourceDate "2020.03.31"]
[SourceVersion "1"]
[SourceVersionDate "2020.03.31"]
[SourceQuality "1"]
[WhiteTeam "Vrbove II"]
[BlackTeam "Gbely Nafta III"]
[WhiteTeamCountry "SVK"]
[BlackTeamCountry "SVK"]

1. d4 Nf6 2. c4 c5 3. Nf3 cxd4 4. Nxd4 g6 5. Nc3 Bg7 6. e4 d6 7. h3 Na6 8. Be3 Bd7 9. a3 Nc7 10. Bd3 0-0 11. 0-0 Ne6 12. Qc2 Nh5 13. Nxe6 fxe6 14. f4 e5 15. f5 e6 16. fxg6 hxg6 17. Rxf8+ Qxf8 18. Rf1 Qe7 19. Be2 Ng3 20. Rf3 Nxe2+ 21. Qxe2 b6 22. Rg3 Be8 23. Bg5 Bf6 24. h4 Bxg5 25. Rxg5 Qf6 26. Qd2 Kh7 27. Qxd6 Rd8 28. Qxe5 Qf7 29. Rg3 Rd2 30. Rf3 Qd7 31. Rf8 Qg7 32. Qxg7+ Kxg7 33. Rxe8 Kf7 34. Ra8 Rxb2 35. Rxa7+ Kf6 36. Rb7 Rc2 37. Nb5 Rxc4 38. Rxb6 Rc1+ 39. Kh2 Ke5 40. a4 Rc4 41. Ra6 Rxe4 42. Nc7 Rxh4+ 43. Kg3 Rc4 44. Nxe6 Kf5 45. Ng7+ Kg5 46. Ra5+ Kf6 47. Ra7 Kg5 48. a5 Re4 49. Ra8 Kf6 50. Ne8+ Ke7 51. a6 Ra4 52. a7 Kd7 53. Nf6+ Kc7 54. Rh8 Kb7 55. a8Q+ Rxa8 56. Rxa8 Kxa8 57. Kg4 1-0

[Event "SVK-chT4 A21 1819"]
[Site "Slovakia"]
[Date "2019.02.03"]
[Round "8.3"]
[White "Lanyi, Frantisek"]
[Black "Bardik, Jozef"]
[Result "1/2-1/2"]
[WhiteElo "1658"]
[BlackElo "1851"]
[PlyCount "81"]
[EventDate "2018.10.14"]
[EventType "team-tourn"]
[EventRounds "11"]
[EventCountry "SVK"]
[SourceTitle "CBM 189 Extra"]
[Source "ChessBase"]
[SourceDate "2019.06.03"]
[SourceVersion "1"]
[SourceVersionDate "2019.06.03"]
[SourceQuality "1"]
[WhiteTeam "Vrbove II"]
[BlackTeam "Piestany Kupele II"]
[WhiteTeamCountry "SVK"]
[BlackTeamCountry "SVK"]

1. d4 c6 2. e4 d5 3. Nc3 dxe4 4. Nxe4 Bf5 5. Ng3 Bg6 6. Nf3 e6 7. Ne5 Nd7 8. Nxg6 hxg6 9. Be3 Qc7 10. h3 Ngf6 11. Bd3 Bd6 12. Ne4 Nxe4 13. Bxe4 Nf6 14. Bf3 Nd5 15. Bxd5 Qa5+ 16. c3 Qxd5 17. Rg1 Bh2 18. Rf1 Qxg2 19. Qb3 0-0-0 20. 0-0-0 Rxh3 21. d5 Rxd5 22. Bxa7 Rxd1+ 23. Rxd1 Bf4+ 24. Kb1 Rh1 25. a3 Qe4+ 26. Ka2 Rxd1 27. Qxd1 Qd5+ 28. Qb3 Qxb3+ 29. Kxb3 Kc7 30. Bc5 Bd6 31. Be3 f5 32. f3 e5 33. c4 b6 34. Kc3 Bc5 35. Bxc5 bxc5 36. b4 Kd6 37. Kd3 g5 38. Ke3 cxb4 39. axb4 c5 40. b5 Kc7 41. Kf2 1/2-1/2

[Event "SVK-chT4 A21 1819"]
[Site "Slovakia"]
[Date "2018.11.11"]
[Round "3.3"]
[White "Lanyi, Frantisek"]
[Black "Siska, Kristof"]
[Result "0-1"]
[WhiteElo "1658"]
[BlackElo "1735"]
[PlyCount "60"]
[EventDate "2018.10.14"]
[EventType "team-tourn"]
[EventRounds "11"]
[EventCountry "SVK"]
[SourceTitle "CBM 189 Extra"]
[Source "ChessBase"]
[SourceDate "2019.06.03"]
[SourceVersion "1"]
[SourceVersionDate "2019.06.03"]
[SourceQuality "1"]
[WhiteTeam "Vrbove II"]
[BlackTeam "Piestany Kupele III"]
[WhiteTeamCountry "SVK"]
[BlackTeamCountry "SVK"]

1. d4 Nf6 2. c4 g6 3. Nc3 Bg7 4. e4 d6 5. f4 0-0 6. Nf3 Nbd7 7. e5 Ne8 8. Bd3 c5 9. Be3 cxd4 10. Bxd4 Qa5 11. Qe2 dxe5 12. fxe5 Nc7 13. 0-0 Ne6 14. Nd5 Nxd4 15. Nxe7+ Kh8 16. Qf2 Nxf3+ 17. gxf3 Nxe5 18. Be4 Nxc4 19. Bxg6 Qg5+ 20. Kh1 fxg6 21. Qe2 Ne3 22. Nxg6+ hxg6 23. Rg1 Qf4 24. Rg3 Bd7 25. Re1 Rae8 26. Qd3 Bf5 27. Qb5 Qc4 28. Qxb7 Be5 29. Rxe3 Bxg3 30. Rxe8 Qf1# 0-1

[Event "SVK-chT3A2 1718"]
[Site "Slovakia"]
[Date "2018.03.04"]
[Round "10.4"]
[White "Tupy, Bystrik"]
[Black "Lanyi, Frantisek"]
[Result "1-0"]
[WhiteElo "1730"]
[BlackElo "1686"]
[PlyCount "57"]
[EventDate "2017.10.08"]
[EventType "team-tourn"]
[EventRounds "11"]
[EventCountry "SVK"]
[SourceTitle "EXT 2020"]
[Source "ChessBase"]
[SourceDate "2019.10.17"]
[SourceVersion "1"]
[SourceVersionDate "2019.10.17"]
[SourceQuality "1"]
[WhiteTeam "Hlohovec"]
[BlackTeam "Vrbove"]
[WhiteTeamCountry "SVK"]
[BlackTeamCountry "SVK"]

1. e4 e5 2. Nf3 Nc6 3. Bb5 Nf6 4. Nc3 Bc5 5. 0-0 d6 6. d4 exd4 7. Nxd4 Bd7 8. Nxc6 bxc6 9. Bd3 h6 10. Kh1 0-0 11. h3 Be6 12. f4 d5 13. e5 Nh7 14. f5 Bc8 15. Qg4 f6 16. Bxh6 Qe7 17. e6 Kh8 18. Bd2 Rg8 19. Ne2 Bd6 20. Bf4 g5 21. fxg6 Bxe6 22. Qh5 Qg7 23. Qxh7+ Qxh7 24. gxh7 Rg7 25. Bxd6 cxd6 26. Rxf6 Re8 27. Raf1 Rge7 28. Rf8+ Rxf8 29. Rxf8+ 1-0

[Event "SVK-chT4 A21 1718"]
[Site "Slovakia"]
[Date "2017.10.15"]
[Round "2.5"]
[White "Pinkas, Jan"]
[Black "Lanyi, Frantisek"]
[Result "0-1"]
[WhiteElo "1471"]
[BlackElo "1683"]
[PlyCount "68"]
[EventDate "2017.10.01"]
[EventType "team-tourn"]
[EventRounds "11"]
[EventCountry "SVK"]
[SourceTitle "EXT 2019"]
[Source "ChessBase"]
[SourceDate "2018.10.10"]
[SourceVersion "1"]
[SourceVersionDate "2018.10.10"]
[SourceQuality "1"]
[WhiteTeam "Spacince"]
[BlackTeam "Vrbove II"]
[WhiteTeamCountry "SVK"]
[BlackTeamCountry "SVK"]

1. e4 e5 2. Nf3 Nc6 3. Bb5 Nf6 4. Nc3 d6 5. h3 Bd7 6. a3 a6 7. Bc4 b5 8. Ba2 Be6 9. d3 Bxa2 10. Rxa2 h6 11. b4 d5 12. exd5 Nxd5 13. Bb2 Nxc3 14. Bxc3 Qd5 15. Ra1 Bd6 16. 0-0 0-0 17. Re1 Rae8 18. Nh4 f5 19. Re3 f4 20. Re4 Be7 21. Nf3 Bf6 22. Nh2 Re6 23. Qf3 Rfe8 24. Qh5 Kh7 25. Rxf4 g6 26. Qf3 Qd8 27. Re4 Nd4 28. Qd1 Bg5 29. Nf3 Nxf3+ 30. Qxf3 Rf8 31. Qe2 Ref6 32. f3 Bf4 33. Bxe5 Bxe5 34. Rxe5 Qd4+ 0-1

[Event "SVK-chT4 A21 1617"]
[Site "Slovakia"]
[Date "2016.10.09"]
[Round "1.5"]
[White "Vozarova, Adriana"]
[Black "Lanyi, Frantisek"]
[Result "1/2-1/2"]
[WhiteElo "1459"]
[BlackElo "1666"]
[PlyCount "51"]
[EventDate "2016.10.09"]
[EventType "team-tourn"]
[EventRounds "11"]
[EventCountry "SVK"]
[SourceTitle "CBM 175 Extra"]
[Source "ChessBase"]
[SourceDate "2016.12.12"]
[SourceVersion "1"]
[SourceVersionDate "2016.12.12"]
[SourceQuality "1"]
[WhiteTeam "Stefanov"]
[BlackTeam "Vrbove"]
[WhiteTeamCountry "SVK"]
[BlackTeamCountry "SVK"]

1. e4 e5 2. Nf3 Nc6 3. d4 exd4 4. Bc4 h6 5. 0-0 Bc5 6. Bf4 d6 7. Re1 Be6 8. Bb5 Nge7 9. Nxd4 0-0 10. c3 a6 11. Ba4 b5 12. Bc2 Qd7 13. b3 Ng6 14. Be3 Bb6 15. Nd2 Nge7 16. N2f3 Bg4 17. Qd2 Ng6 18. Nxc6 Qxc6 19. Nd4 Qd7 20. a4 c5 21. Ne2 Ne5 22. Nf4 Bc7 23. b4 Nc4 24. Qc1 Nxe3 25. Qxe3 Bb6 26. Ra2 1/2-1/2

[Event "SVK-chT4A21 1415"]
[Site "Slovakia"]
[Date "2014.10.26"]
[Round "2.4"]
[White "Ulehla, Jakub"]
[Black "Lanyi, Frantisek"]
[Result "1/2-1/2"]
[WhiteElo "1479"]
[BlackElo "1655"]
[PlyCount "99"]
[EventDate "2014.10.12"]
[EventType "team-tourn"]
[EventRounds "11"]
[EventCountry "SVK"]
[SourceTitle "EXT 2022"]
[Source "ChessBase"]
[SourceDate "2021.10.06"]
[SourceVersion "1"]
[SourceVersionDate "2021.10.06"]
[SourceQuality "1"]
[WhiteTeam "Senica CVC II"]
[BlackTeam "Vrbove III"]
[WhiteTeamCountry "SVK"]
[BlackTeamCountry "SVK"]

1. e4 e5 2. Nf3 Nc6 3. Bb5 Nf6 4. d3 d6 5. c3 a6 6. Ba4 b5 7. Bb3 Na5 8. Bc2 h6 9. 0-0 c5 10. Re1 Bg4 11. Nbd2 Be7 12. Nf1 Nh7 13. h3 Bh5 14. Ng3 Bg6 15. d4 cxd4 16. cxd4 exd4 17. Nxd4 0-0 18. Ngf5 Bf6 19. Bf4 Be5 20. Be3 Nc4 21. Nc6 Nxe3 22. Nxe3 Qh4 23. Nxe5 dxe5 24. Nd5 Rad8 25. Qe2 Ng5 26. Ne7+ Kh7 27. Nxg6 fxg6 28. Rad1 Ne6 29. Qe3 Nd4 30. Bb1 Rf6 31. f3 Rdf8 32. Rf1 Nxf3+ 33. Kh1 Nd4 34. Rxf6 Rxf6 35. Bd3 Qf2 36. Qc1 Ne2 37. Bxe2 Qxe2 38. Re1 Qd3 39. Re3 Rf1+ 40. Kh2 Rxc1 41. Rxd3 Rc2 42. Rd6 Rxb2 43. Rxa6 Rb4 44. Ra5 Rxe4 45. Rxb5 g5 46. Rb6 Ra4 47. Re6 e4 48. Kg3 Ra3+ 49. Kh2 e3 50. Kg1 1/2-1/2

[Event "SVK-chT4A21 1314"]
[Site "Slovakia"]
[Date "2014.03.09"]
[Round "10.3"]
[White "Lanyi, Frantisek"]
[Black "Diviak, Rudolf"]
[Result "1/2-1/2"]
[WhiteElo "1695"]
[BlackElo "1797"]
[PlyCount "56"]
[EventDate "2013.10.06"]
[EventType "team-tourn"]
[EventRounds "11"]
[EventCountry "SVK"]
[SourceTitle "EXT 2022"]
[Source "ChessBase"]
[SourceDate "2021.10.06"]
[SourceVersion "1"]
[SourceVersionDate "2021.10.06"]
[SourceQuality "1"]
[WhiteTeam "Vrbove III"]
[BlackTeam "Senica CVC II"]
[WhiteTeamCountry "SVK"]
[BlackTeamCountry "SVK"]

1. e4 d6 2. d4 g6 3. f4 Bg7 4. Nf3 Nf6 5. Bd3 0-0 6. 0-0 c6 7. c3 Qb6 8. Qc2 Nbd7 9. h3 e5 10. fxe5 Nxe5 11. Nxe5 dxe5 12. Be3 Nh5 13. Qf2 exd4 14. cxd4 c5 15. e5 Qd8 16. Bc4 Be6 17. Nd2 cxd4 18. Bxd4 Ng3 19. Rfd1 Nf5 20. Bc3 Qg5 21. Nf3 Qe7 22. Bb3 Rfd8 23. Rxd8+ Rxd8 24. Bxe6 Qxe6 25. Qxa7 Qd5 26. Qf2 Bh6 27. Re1 Qxa2 28. Nd4 Nxd4 1/2-1/2

[Event "SVK-chT4A21 1314"]
[Site "Slovakia"]
[Date "2013.11.03"]
[Round "3.3"]
[White "Nedorost, Lubomir"]
[Black "Lanyi, Frantisek"]
[Result "1-0"]
[WhiteElo "1701"]
[BlackElo "1695"]
[PlyCount "43"]
[EventDate "2013.10.06"]
[EventType "team-tourn"]
[EventRounds "11"]
[EventCountry "SVK"]
[SourceTitle "EXT 2022"]
[Source "ChessBase"]
[SourceDate "2021.10.06"]
[SourceVersion "1"]
[SourceVersionDate "2021.10.06"]
[SourceQuality "1"]
[WhiteTeam "Piestany Kupele II"]
[BlackTeam "Vrbove III"]
[WhiteTeamCountry "SVK"]
[BlackTeamCountry "SVK"]

1. e4 e5 2. Nc3 Nf6 3. Bc4 Bc5 4. f4 Nc6 5. Nf3 d6 6. f5 Na5 7. Be2 Bd7 8. d3 Ng4 9. d4 exd4 10. Nxd4 Ne5 11. 0-0 Nac6 12. Be3 Qh4 13. Rf4 Qd8 14. f6 g6 15. Qd2 Qc8 16. Rd1 Ng4 17. Bxg4 Bxg4 18. Re1 0-0 19. Nxc6 Bxe3+ 20. Qxe3 bxc6 21. Rxg4 Qxg4 22. Qh6 1-0

[Event "SVK-chT4A21 1213"]
[Site "Slovakia"]
[Date "2013.02.17"]
[Round "9.2"]
[White "Lanyi, Frantisek"]
[Black "Vepy, Ivan"]
[Result "0-1"]
[WhiteElo "1737"]
[BlackElo "1921"]
[PlyCount "46"]
[EventDate "2012.10.14"]
[EventType "team-tourn"]
[EventRounds "11"]
[EventCountry "SVK"]
[SourceTitle "EXT 2022"]
[Source "ChessBase"]
[SourceDate "2021.10.06"]
[SourceVersion "1"]
[SourceVersionDate "2021.10.06"]
[SourceQuality "1"]
[WhiteTeam "Vrbove"]
[BlackTeam "Skalica III"]
[WhiteTeamCountry "SVK"]
[BlackTeamCountry "SVK"]

1. e4 e5 2. Nf3 Nc6 3. Bc4 Nf6 4. Ng5 d5 5. exd5 Na5 6. d3 h6 7. Nf3 Bd6 8. Bb5+ c6 9. dxc6 bxc6 10. Ba4 0-0 11. h3 Ba6 12. Be3 e4 13. dxe4 Nxe4 14. Bb3 Qe7 15. Nbd2 Rad8 16. Nd4 Ng3 17. Rg1 c5 18. N4f3 Ne2 19. Rh1 Bf4 20. c4 Ng3 21. fxg3 Bxg3+ 22. Kf1 Nxc4 23. Bf2 Ne3+ 0-1

[Event "SVK-chT4A21 1213"]
[Site "Slovakia"]
[Date "2012.11.11"]
[Round "3.3"]
[White "Vach, Jozef"]
[Black "Lanyi, Frantisek"]
[Result "1-0"]
[WhiteElo "1793"]
[BlackElo "1737"]
[PlyCount "101"]
[EventDate "2012.10.14"]
[EventType "team-tourn"]
[EventRounds "11"]
[EventCountry "SVK"]
[SourceTitle "EXT 2022"]
[Source "ChessBase"]
[SourceDate "2021.10.06"]
[SourceVersion "1"]
[SourceVersionDate "2021.10.06"]
[SourceQuality "1"]
[WhiteTeam "Skalica II"]
[BlackTeam "Vrbove"]
[WhiteTeamCountry "SVK"]
[BlackTeamCountry "SVK"]

1. d4 d5 2. c4 e6 3. Nc3 Nf6 4. Bg5 Be7 5. e3 c6 6. Nf3 Ne4 7. Nxe4 dxe4 8. Bxe7 Qxe7 9. Nd2 f5 10. c5 Nd7 11. Nc4 0-0 12. Nd6 Nf6 13. Qc2 Nd5 14. a3 Qg5 15. 0-0-0 Rb8 16. h4 Qd8 17. Nc4 b5 18. cxb6 axb6 19. Ne5 Bd7 20. Kb1 Qc7 21. Bb5 Rfc8 22. Ba6 Rd8 23. Rc1 Qa7 24. Nxd7 Rxd7 25. Qxc6 Kf7 26. Bc4 b5 27. Bxd5 exd5 28. Rc5 b4 29. Rxd5 Rxd5 30. Qxd5+ Kf8 31. Qxf5+ Kg8 32. Qe6+ Kh8 33. Rc1 Qb7 34. Qb3 Qa6 35. Rc4 Ra8 36. Rxb4 h6 37. Qc4 Qf6 38. Qd5 Rf8 39. Qxe4 Qxf2 40. Rc4 Rb8 41. Rc2 Qe1+ 42. Ka2 Qd1 43. Rc3 Qd2 44. Qc2 Qe1 45. h5 Qf1 46. e4 Qf7+ 47. d5 Qxh5 48. Rc8+ Rxc8 49. Qxc8+ Kh7 50. Qf5+ Qg6 51. d6 1-0

[Event "SVK-chT3A2 0607"]
[Site "Slovakia"]
[Date "2007.02.25"]
[Round "9"]
[White "Bilovsky, Milan"]
[Black "Lanyi, Frantisek"]
[Result "1-0"]
[WhiteElo "1880"]
[BlackElo "1629"]
[PlyCount "52"]
[EventDate "2006.10.08"]
[EventType "team-tourn"]
[EventRounds "11"]
[EventCountry "SVK"]
[SourceTitle "EXT 2008"]
[Source "ChessBase"]
[SourceDate "2007.11.25"]
[SourceVersion "1"]
[SourceVersionDate "2007.11.25"]
[SourceQuality "1"]
[WhiteTeam "Holic"]
[BlackTeam "Vrbove"]
[WhiteTeamCountry "SVK"]
[BlackTeamCountry "SVK"]

1. c4 e5 2. Nc3 Nf6 3. g3 d5 4. cxd5 Nxd5 5. Bg2 c6 6. a3 Be6 7. e3 Nxc3 8. bxc3 Bd6 9. d4 exd4 10. cxd4 0-0 11. Nf3 Bg4 12. 0-0 Nd7 13. e4 f6 14. Qb3+ Rf7 15. e5 fxe5 16. Ng5 Bh5 17. Nxf7 Bxf7 18. Qxb7 exd4 19. Qxc6 Nb6 20. Bb2 Rc8 21. Qe4 Nc4 22. Bxd4 Nd2 23. Qg4 Bf8 24. Rfc1 Rxc1+ 25. Rxc1 Nb3 26. Bxg7 Nxc1 1-0

[Event "SVK-chT3A2 0607"]
[Site "Slovakia"]
[Date "2006.12.03"]
[Round "5"]
[White "Lanyi, Frantisek"]
[Black "Hrusovsky, Jan"]
[Result "1-0"]
[WhiteElo "1629"]
[BlackElo "1767"]
[PlyCount "95"]
[EventDate "2006.10.08"]
[EventType "team-tourn"]
[EventRounds "11"]
[EventCountry "SVK"]
[SourceTitle "EXT 2008"]
[Source "ChessBase"]
[SourceDate "2007.11.25"]
[SourceVersion "1"]
[SourceVersionDate "2007.11.25"]
[SourceQuality "1"]
[WhiteTeam "Vrbove"]
[BlackTeam "Cifer"]
[WhiteTeamCountry "SVK"]
[BlackTeamCountry "SVK"]

1. e4 e5 2. Nf3 Nc6 3. d4 exd4 4. Nxd4 Qf6 5. c3 Bc5 6. Be3 Nxd4 7. Bxd4 Bxd4 8. cxd4 Qb6 9. b3 Qb4+ 10. Qd2 Qxd2+ 11. Nxd2 Ne7 12. Bc4 0-0 13. f4 c6 14. Bd3 d5 15. e5 Bf5 16. Bxf5 Nxf5 17. Nf3 Rae8 18. Kd2 f6 19. Rae1 fxe5 20. fxe5 Re6 21. Re2 h6 22. Rhe1 Ne7 23. Rf1 Rf4 24. g3 Re4 25. Kd3 Rxe2 26. Kxe2 Nf5 27. Kd3 Ne7 28. Nh4 c5 29. Re1 cxd4 30. Kxd4 Ra6 31. Re2 Kf7 32. Ng2 g5 33. Rf2+ Kg6 34. Ne3 Nc6+ 35. Kxd5 Ra5+ 36. Kd6 Rxe5 37. Nc4 Rf5 38. Rxf5 Kxf5 39. Kc7 Nb4 40. a3 Nd3 41. Ne3+ Kf6 42. g4 h5 43. b4 b6 44. b5 Nc5 45. h3 h4 46. Kb8 a6 47. Ka7 Na4 48. Nd5+ 1-0

[Event "SVK-chT3A2 0607"]
[Site "Slovakia"]
[Date "2006.11.19"]
[Round "4"]
[White "Lanyi, Frantisek"]
[Black "Merva, Frantisek"]
[Result "0-1"]
[WhiteElo "1629"]
[BlackElo "2059"]
[PlyCount "86"]
[EventDate "2006.10.08"]
[EventType "team-tourn"]
[EventRounds "11"]
[EventCountry "SVK"]
[SourceTitle "EXT 2008"]
[Source "ChessBase"]
[SourceDate "2007.11.25"]
[SourceVersion "1"]
[SourceVersionDate "2007.11.25"]
[SourceQuality "1"]
[WhiteTeam "Vrbove"]
[BlackTeam "Galanta"]
[WhiteTeamCountry "SVK"]
[BlackTeamCountry "SVK"]

1. e4 c5 2. Nf3 Nc6 3. Nc3 g6 4. d4 cxd4 5. Nxd4 Bg7 6. Nxc6 bxc6 7. Bd2 Qc7 8. Rb1 Nf6 9. Bd3 0-0 10. 0-0 d5 11. exd5 cxd5 12. h3 Bb7 13. Ne2 e5 14. c3 Rfe8 15. Be3 Nd7 16. Bb5 Rad8 17. Qa4 a6 18. Bxd7 Rxd7 19. Qb4 a5 20. Qc5 Qd8 21. Qb6 d4 22. Qxd8 Rexd8 23. cxd4 exd4 24. Bd2 a4 25. Rfe1 Be4 26. Rbc1 Bd3 27. Ng3 f5 28. Rc6 Rb8 29. Bc1 Bb5 30. Rce6 Kf7 31. a3 d3 32. Bf4 Rbb7 33. Bd2 Bxb2 34. Bb4 d2 35. Rd1 Kxe6 36. Rxd2 Rxd2 37. Bxd2 Be5 38. Bb4 Rd7 39. Kh1 Rd1+ 40. Kh2 Bc6 41. h4 h5 42. Kh3 f4 43. Ne2 Rh1# 0-1

[Event "SVK-chT3A2 0607"]
[Site "Slovakia"]
[Date "2006.10.22"]
[Round "2"]
[White "Klanica, Anton"]
[Black "Lanyi, Frantisek"]
[Result "1/2-1/2"]
[WhiteElo "1927"]
[BlackElo "1629"]
[PlyCount "92"]
[EventDate "2006.10.08"]
[EventType "team-tourn"]
[EventRounds "11"]
[EventCountry "SVK"]
[SourceTitle "EXT 2008"]
[Source "ChessBase"]
[SourceDate "2007.11.25"]
[SourceVersion "1"]
[SourceVersionDate "2007.11.25"]
[SourceQuality "1"]
[WhiteTeam "Trnava III"]
[BlackTeam "Vrbove"]
[WhiteTeamCountry "SVK"]
[BlackTeamCountry "SVK"]

1. e4 e5 2. Nf3 Nc6 3. Bb5 d6 4. d4 exd4 5. Bxc6+ bxc6 6. Nxd4 Bd7 7. 0-0 Be7 8. Be3 Nf6 9. Nc3 c5 10. Nf3 Bg4 11. h3 Bh5 12. Qe2 0-0 13. g4 Bg6 14. Nd2 c6 15. Bg5 Rb8 16. Rab1 h6 17. Bf4 Nd7 18. Rfe1 Nb6 19. Nf1 Rb7 20. Ng3 Bg5 21. Bxg5 Qxg5 22. b3 Re8 23. Qf3 Rbe7 24. Kf1 Nd7 25. Nf5 Bxf5 26. exf5 Rxe1+ 27. Rxe1 Rxe1+ 28. Kxe1 Ne5 29. Qe3 Qxe3+ 30. fxe3 d5 31. Na4 c4 32. Ke2 Kf8 33. Nb2 cxb3 34. axb3 Ke7 35. Nd3 Kd6 36. Nf4 g6 37. fxg6 fxg6 38. Kd2 g5 39. Nh5 c5 40. Ng7 Nf7 41. Ke2 a5 42. Nf5+ Ke5 43. Ne7 Kd6 44. Nf5+ Ke6 45. Ng7+ Ke5 46. Nf5 Ke4 1/2-1/2

[Event "SVK-chT3A2 0607"]
[Site "Slovakia"]
[Date "2006.10.08"]
[Round "1"]
[White "Szitasi, Janos"]
[Black "Lanyi, Frantisek"]
[Result "0-1"]
[WhiteElo "1996"]
[BlackElo "1629"]
[PlyCount "80"]
[EventDate "2006.10.08"]
[EventType "team-tourn"]
[EventRounds "11"]
[EventCountry "SVK"]
[SourceTitle "EXT 2008"]
[Source "ChessBase"]
[SourceDate "2007.11.25"]
[SourceVersion "1"]
[SourceVersionDate "2007.11.25"]
[SourceQuality "1"]
[WhiteTeam "Velky Meder"]
[BlackTeam "Vrbove"]
[WhiteTeamCountry "SVK"]
[BlackTeamCountry "SVK"]

1. e4 e5 2. Nf3 Nc6 3. Bb5 d6 4. d4 exd4 5. Nxd4 Bd7 6. Nxc6 bxc6 7. Bc4 Nf6 8. Nc3 Be7 9. 0-0 0-0 10. h3 Be6 11. Bxe6 fxe6 12. f4 Nd7 13. Qg4 e5 14. Be3 Kh8 15. Rad1 Bf6 16. f5 Nb6 17. Bxb6 axb6 18. Rd3 b5 19. a3 Qe7 20. Kh1 Qf7 21. Rf2 h6 22. Qe2 Qc4 23. Rd1 Qc5 24. Nb1 Bg5 25. Rf3 Rad8 26. b4 Qb6 27. c4 bxc4 28. Qxc4 Be3 29. Rd3 Bd4 30. g4 d5 31. exd5 cxd5 32. Qc2 e4 33. Rxd4 Qxd4 34. Rf2 Qe5 35. Nd2 e3 36. Re2 d4 37. Qd3 Qg3 38. g5 Qxg5 39. Ne4 Qxf5 40. Nc5 Qxh3+ 0-1